000 01108cab a2200253 4500
001 X2125
008 090401t1995 xxu||||| |||| 00| 0 eng d
035 _a(Sirsi) u21905
041 _aeng
245 _aChristiani & Nielsen Ltd v Birmingham CC
260 _c1995
350 _a0
490 _aConstruction Industry Law Letter
_v(1995) CILL 1014-1016(3)
520 _a25 November 1994. ICE arbitration clause; arbitration procedure 1993 rules; technical defect does not invalidate notice to refer; extension of time under Arbitration Act 1950 s27. (Journal headnote)
650 _aCERTIFICATE FOR COMPLETION
650 _aICE ARBITRATION PROCEDURE 1993
650 _aICE CONDITIONS OF CONTRACT CL66
650 _aBUILT ENVIRONMENT-BUILDING CONTRACT FORMS-STANDARD FORMS OF BUILDING CONTRACT-INSTITUTION OF CIVIL ENGINEERS CONTRACTS
690 _aMANAGEMENT-DISPUTE AVOIDANCE, MANAGEMENT AND RESOLUTION-DISPUTE MANAGEMENT AND RESOLUTION-ARBITRATION
690 _aBUILDING AND CONSTRUCTION-CASE LAW
690 _aBUILT ENVIRONMENT-BUILDING CONTRACT FORMS
942 _n0
948 _c04/03/1997
999 _c14680
_d14680